Políticas y programas de protección al desempleo en Argentina (Registro nro. 639)

Detalles MARC
000 -LEADER
fixed length control field 01255 a2200241 4500
001 - CONTROL NUMBER
control field 15214
005 - DATE AND TIME OF LATEST TRANSACTION
control field 20260407155449.0
008 - FIXED-LENGTH DATA ELEMENTS--GENERAL INFORMATION
fixed length control field 260407a2007 arg spa d
003 - CONTROL NUMBER IDENTIFIER
control field AR-UNSa-BCEJYS
040 ## - CATALOGING SOURCE
Original cataloging agency AR-UNSa-BCEJYS
Language of cataloging spa
Transcribing agency AR-UNSa-BCEJYS
080 ## - UNIVERSAL DECIMAL CLASSIFICATION NUMBER
Universal Decimal Classification number 331.567
Common auxiliary subdivision Consecuencias del desempleo. Medidas para combatir las consecuencias del desempleo
020 ## - INTERNATIONAL STANDARD BOOK NUMBER
International Standard Book Number 978-92-2-320952-0
100 1# - MAIN ENTRY--PERSONAL NAME
Personal name Bertranou, Fabio M.
245 10 - TITLE STATEMENT
Title Políticas y programas de protección al desempleo en Argentina
264 #1 - PRODUCTION, PUBLICATION, DISTRIBUTION, MANUFACTURE, AND COPYRIGHT NOTICE
Place of production, publication, distribution, manufacture Buenos Aires :
Name of producer, publisher, distributor, manufacturer Oficina Internacional del Trabajo
Date of production, publication, distribution, manufacture, or copyright notice 2007
300 ## - PHYSICAL DESCRIPTION
Extent 186 p.
Dimensions 22 cm.
505 ## - FORMATTED CONTENTS NOTE
Formatted contents note 1. El desempleo en la Argentina - 2. Aspectos conceptuales: definiciones, clasificación de políticas y programas, y evaluación - 3. Los programas de protección al desempleo en la Argentina - 4. Evaluación de los principales programas - 5. Conclusiones y desafíos para las políticas públicas de protección al desempleo
590 ## - LOCAL NOTE (RLIN)
Local note niveau_biblio:m niveau_hierar:0
700 1# - ADDED ENTRY--PERSONAL NAME
Personal name Paz, Jorge Augusto
700 1# - ADDED ENTRY--PERSONAL NAME
Personal name Oficina Internacional del Trabajo
856 41 - ELECTRONIC LOCATION AND ACCESS
Uniform Resource Identifier <a href="https://biblioeco.unsa.edu.ar/pmb/images/libros/Politicas y programa de proteccion al desempleo en argentina2-l119018.jpg">https://biblioeco.unsa.edu.ar/pmb/images/libros/Politicas y programa de proteccion al desempleo en argentina2-l119018.jpg</a>
Link text Imagen de portada
Electronic format type image/jpeg
942 ## - ADDED ENTRY ELEMENTS (KOHA)
Koha item type
Existencias
Withdrawn status Lost status Damaged status Not for loan Home library Current library Shelving location Date acquired Total checkouts Full call number Barcode Date last seen Price effective from Koha item type
        Biblioteca Prof. Eusebio Cleto del Rey Biblioteca Prof. Eusebio Cleto del Rey   07/04/2026   331.567 B548 L119018 07/04/2026 07/04/2026 Libro
        Biblioteca Prof. Eusebio Cleto del Rey Biblioteca Prof. Eusebio Cleto del Rey   07/04/2026   331.567 B548 L127271 07/04/2026 07/04/2026 Libro
        Biblioteca Prof. Eusebio Cleto del Rey Biblioteca Prof. Eusebio Cleto del Rey   07/04/2026   331.567 B548 L127272 07/04/2026 07/04/2026 Libro
        Biblioteca Prof. Eusebio Cleto del Rey Biblioteca Prof. Eusebio Cleto del Rey   07/04/2026   331.567 B548 L127273 07/04/2026 07/04/2026 Libro
        Biblioteca Prof. Eusebio Cleto del Rey Biblioteca Prof. Eusebio Cleto del Rey   07/04/2026   331.567 B548 L127274 07/04/2026 07/04/2026 Libro
        Biblioteca Prof. Eusebio Cleto del Rey Biblioteca Prof. Eusebio Cleto del Rey   07/04/2026   331.567 B548 L127275 07/04/2026 07/04/2026 Libro
        Biblioteca Prof. Eusebio Cleto del Rey Biblioteca Prof. Eusebio Cleto del Rey   07/04/2026   331.567 B548 L127276 07/04/2026 07/04/2026 Libro
        Biblioteca Prof. Eusebio Cleto del Rey Biblioteca Prof. Eusebio Cleto del Rey   07/04/2026   331.567 B548 L127277 07/04/2026 07/04/2026 Libro
        Biblioteca Prof. Eusebio Cleto del Rey Biblioteca Prof. Eusebio Cleto del Rey   07/04/2026   331.567 B548 L127278 07/04/2026 07/04/2026 Libro